01163nam a22002297a 4500003000400000005001700004008004100021020001500062040000700077100003300084245014200117260005800259300001600317490003300333500005400366504002900420505032800449650002800777942002600805999001300831952008900844OSt20181206111809.0180313b xxu||||| |||| 00| 0 spa d a8425908558 cPJ 9160aNavarro, Pablo Eugenio 13aLa eficacia del derecho :buna investigación sobre la existencia y funcionamiento de los sistemas jurídicos /cPablo Eugenio Navarro. aMadrid :bCentro de Estudios Constitucionales,c1990. a99 p.c21cm aEl derecho y la Justiciav16 aCitas y notas bibliográficas a pie de página. aBibliografía: p. 97-99 aContenido: I. Eficacia y normas jurídicas -- II. Imperativo jurídico y concepción expresiva de las normas -- III. Actitudes normativas y sistemas jurídicos -- IV. Eficacia, tiempo y correspondencia -- V. Principio de eficacia y existencia de los sistemas jurídicos -- VI. Eficacia y funcionamiento del derecho.  aDERECHO EN GENERAL9209 2udccLIBh340.11iNAV c159d159 00102udc4070aDJSbDJSd2018-03-21o340.11 NAVp2043r2018-03-21w2018-03-21yLIB